00551nam a2200157Ia 45000010006000000050017000060080041000230410008000640820015000721000036000872450214001232600009003373000031003466500008003776540008003851647620260306170312.0260306t2020||||xx |||||||||||||| ||und|| aESP a348.6bL25 aLara Arnao, Ruth JaquelineeAUT 0aRenuncia y despido laboral:bprocedimientos, cálculos de beneficios y casos prácticos; Cómo se calculan las gratificaciones, CTS y utilidades: tratamiento laboral, tributario contable y casos prácticos c2020 a64, 64 páginas :c24 cm. aGEN aCDE